Tendencias en la comercialización de productos agrícolas en América Central /
Guardat en:
| Autor principal: | |
|---|---|
| Format: | Text |
| Matèries: | |
| Etiquetes: |
Afegir etiqueta
Sense etiquetes, Sigues el primer a etiquetar aquest registre!
|
MARC
| LEADER | 00000 a a2200000 04500 | ||
|---|---|---|---|
| 001 | 12574 | ||
| 003 | |||
| 040 | |||
| 100 | |a Granados C, Evelio | ||
| 245 | |a Tendencias en la comercialización de productos agrícolas en América Central / |c Evelio Granados C | ||
| 650 | |a COMERCIALIZACION | ||
| 650 | |a PRODUCTOS AGROPECUARIOS | ||
| 650 | |a MODERNIZACION | ||
| 650 | |a AJUSTE ESTRUCTURAL | ||
| 650 | |a ESTADO | ||
| 650 | |a ORGANIZACIONES NO GUBERNAMENTALES | ||
| 650 | |a MERCADO | ||
| 650 | |a SECTOR AGROPECUARIO | ||
| 650 | |a EXPORTACIONES | ||
| 650 | |a DESARROLLO REGIONAL | ||
| 773 | |g volumen 2, número 1 (3); páginas 23-39 | ||
| 999 | |c 22198 |d 22198 | ||
